000 00616cam a2200217 i 4500
001 BD-DhSAU 5456
003 BD-DhSAU
005 20150415162252.0
008 760730s1954 nyua b 001 0 eng
040 _aBD-DhSAU
082 0 0 _a532
_222
_bDAF
100 1 _aDaugherty, Robert L.
245 1 0 _aFluid mechanics, with engineering applications /
_cRobert L. Daugherty and A. C. Ingersoll
250 _a5th ed.
260 _aNew York :
_bMcGraw-Hill ,
_cc1954.
300 _axiii, 472 p.:
_bill. ;
_c24 cm.
504 _aIncludes index.
590 _aIMRAN
650 0 _aHydraulics.
700 _a Ingersoll, A. C.
942 _2ddc
_cBOOK
999 _c5456
_d5456